Miejsca w powiecie wołowskim - Statystyki

Ogólne statystyki
  • Ten quiz został rozwiązany 15 razy
  • Średni wynik to 3 z 5
Statystyki odpowiedzi
Obrazkowy Odpowiedź % Poprawnych
Lubiąż
92%
Wołów
92%
Pełczyn
67%
Głębowice
58%
Wrzosy
33%
Nie znaleziono quizów pasujących do podanych kryteriów
Rozkład punktacji
Procent ludzi z każdym wynikiem
Percentyl według liczby udzielonych odpowiedzi
Twoja historia wyników
Nie rozwiązałeś tego quizu